Países a dos fronteras de Francia - Estadísticas

Estadísticas generales
  • Esta prueba ha sido intentada 781 veces
  • La puntuación promedio es 14 de 18
Estadísticas de respuestas
Frontera común Respuesta % Correcto
España Portugal
96%
Alemania Polonia
93%
Italia Austria
91%
Alemania, Belgica Países Bajos
90%
Alemania Dinamarca
89%
Italia Eslovenia
84%
Alemania República Checa
84%
Italia Ciudad del Vaticano
82%
Italia San Marino
81%
Suiza Liechtenstein
76%
Brasil Colombia
74%
Brasil Argentina
73%
Brasil Venezuela
73%
Brasil Perú
71%
Brasil Uruguay
70%
Brasil Paraguay
69%
Brasil Bolivia
68%
Brasil, Surinam Guyana
62%
No se encontraron pruebas coincidentes
Distribución de puntuación
Porcentaje de gente con cada puntuación
Porcentaje por número respondido
Historial de tus puntuaciones
No has intentado esta prueba.